| 000 -NÁVESTIE |
| fixed length control field |
00888nam a2200289 a 4500 |
| 008 - ÚDAJE S PEVNOU DĹŽKOU – VŠEOBECNÉ INFORMÁCIE |
| fixed length control field |
030311s1988slocxo r 0 slo c |
| 020 ## - MEDZINÁRODNÉ ŠTANDARDNÉ ČÍSLO KNIHY (ISBN) |
| Medzinárodné štandardné číslo knihy (ISBN) |
8088834597 |
| Údaje o dostupnosti |
28 |
| 040 ## - ZDROJ KATALOGIZÁCIE |
| Pôvodná katalogizujúca agentúra |
SNK |
| Jazyk katalogizácie |
slo |
| Prepisujúca agentúra |
SNK |
| Konvencie popisu |
AACR2 |
| 041 1# - KÓD JAZYKA |
| Kód jazyka textu/zvukovej stopy alebo samostatných nápisov |
slo |
| Kód jazyka originálu a/alebo sprostredkujúcich prekladov textu |
hun |
| 044 ## - KÓD KRAJINY VYDAVATEĽA/PRODUCENTA |
| Kód krajiny MARC |
xo |
| Kód krajiny ISO |
SK |
| 072 #7 - KÓD PREDMETOVEJ KATEGÓRIE |
| Kód predmetovej kategórie |
821.51 |
| Zdroj |
SNK |
| 080 ## - ČÍSLO MEDZINÁRODNÉHO DESATINNÉHO TRIEDENIA (MDT) |
| Číslo Medzinárodného desatinného triedenia (MDT) |
821.511.141-2 |
| 080 ## - ČÍSLO MEDZINÁRODNÉHO DESATINNÉHO TRIEDENIA (MDT) |
| Číslo Medzinárodného desatinného triedenia (MDT) |
821.511.141-2 |
| 100 1# - OSOBNÉ MENÁ – VŠEOBECNÉ INFORMÁCIE |
| Osobné meno |
Madách, Imre |
| Dátumy súvisiace s menom |
1823-1864 |
| Kód roly |
aut |
| 245 10 - NÁZOV |
| Názov |
Tragédia človeka |
| Zvyšok názvu |
1862 |
| Údaj o zodpovednosti atď. |
Imre Madách ; [preložil: Ctibor Štítnický] |
| 250 ## - ÚDAJ O PORADÍ VYDANIA |
| Údaj o poradí vydania |
[1. vyd.] |
| 260 ## - VYDAVATEĽSKÉ ÚDAJE, DISTRIBÚCIA ATĎ. |
| Miesto publikovania, distribúcie atď. |
Bratislava |
| Názov vydavateľa, distibútora atď. |
Tatran |
| Dátum publikovania, distribúcie atď. |
1988 |
| 300 ## - FYZICKÝ POPIS |
| Rozsah |
129 s. |
| Rozmery |
21 cm |
| 490 1# - EDÍCIA |
| Edícia |
Populart. Romantická dráma |
| 490 1# - EDÍCIA |
| Edícia |
Študentská knižnica |
| Zväzok/sekvenčné označenie |
60. |
| 650 07 - PRIDANÝ VSTUP – PREDMET – TEMATICKÉ HESLO |
| Tematické heslo alebo geografický názov ako vstupný prvok |
hry divadelné maďarské |
| Zdroj hesla alebo termínu |
SNK |
| 650 07 - PRIDANÝ VSTUP – PREDMET – TEMATICKÉ HESLO |
| Tematické heslo alebo geografický názov ako vstupný prvok |
Uralskoaltajské literatúry |
| Zdroj hesla alebo termínu |
SNK |
| 700 1# - PRIDANÝ VSTUP – OSOBNÉ MENO |
| Osobné meno |
Štítnický, Ctibor |
| Dátumy súvisiace s menom |
1922-2002 |
| Kód roly |
trl |
| 760 0# - |
| -- |
Populart. Romantická dráma |
| 760 0# - |
| -- |
Študentská knižnica |
| 958 ## - Formálny deskriptor |
| Formálny deskriptor |
AUL |